000 01476cam a22003857a 4500
003 CHAP
005 20220817043718.0
008 001002d1999 mx a r 00110 spa d
010 _a82443
011 _a83415
035 _a93928
040 _cCHAP
090 _aTesis
100 0 0 _aEscalante Balám, José Lorenzo.
_937382
245 1 0 _aAlternativa tecnológica para la producción orgánica de hortalizas bajo un sistema sustentable y apropiado a la agricultura tropical de Yucatán
_c/por José Lorenzo Escalante Balám
260 _aCocula, Guerrero :
_bEl autor,
_c1999.
300 _a67 h. :
_bilus., cuads.
502 _aTesis (Ing. Agr. con Esp. en Agricultura Tropical) -- Colegio Superior Agropecuario del Estado de Guerrero. Centro de Estudios Profesionales
590 _aALEPH
_b10
_c20130110
_lUCH01
_h1437
590 _aBATCH-UPD
_b10
_c20130110
_lUCH01
_h0103
590 _aBATCH-UPD
_b10
_c20130110
_lUCH01
_h0711
590 _aBATCH-UPD
_b10
_c20130409
_lUCH01
_h2053
590 _aBATCH-UPD
_b10
_c20130410
_lUCH01
_h0617
590 _aBATCH-UPD
_b10
_c20130913
_lUCH01
_h2222
590 _aCONVERSION
_b10
_c20130109
_lUCH01
_h1346
650 1 4 _aAgricultura orgánica.
_92005
650 1 4 _aAgricultura sustentable.
650 1 4 _aAgricultura
_xTrópicos.
_91888
650 1 4 _aCultivos tropicales.
_930383
650 1 4 _aLegumbres
_xYucatán.
_965798
901 _aBK
905 _aEdna Luz
942 _cTESIS
949 _bBC
_cTES
_d939281
_eTS1
_h37055
_i93928
_sb
999 _c82443
_d82443